000 00816cab a22001935a 4500
001 L141587
008 071203e20071121xxkd f 000 0 eng d
035 _a(Sirsi) u141587
041 0 _aeng
100 1 _aMcCormick, Helen
245 0 0 _aSkanska shows commercial acumen
260 _c2007
490 0 _aContract Journal
_v440(6652) 21 November 2007, 8-9(2)
520 _aSkanska topped the new work winners monthly league table for October 2007, with Bovis Lend Lease in second place and Balfour Beatty in third. Balfour Beatty remained at the top of the new work winners table for the past 12 months. New construction orders reached nearly £2.8bn in October, the highest level since July.
590 _aKA
651 4 _aGreat Britain
_y1707-
690 _aBUILT ENVIRONMENT-CONSTRUCTION MARKET
942 _n0
999 _c79528
_d79528